| 000 | 01869cam a22004574i 4500 | ||
|---|---|---|---|
| 003 | PE-LiUPU | ||
| 005 | 20250731183401.0 | ||
| 008 | 17082 s2016 sp a r 001 0 eng d | ||
| 020 | _a8425227542 | ||
| 020 | _a9788425227547 | ||
| 035 | _a(Sirsi) a238149 | ||
| 040 |
_aPE-LiUPU _bspa _cPE-LiUPU _erda |
||
| 041 | 1 |
_aspa _hger |
|
| 049 | _aPRUA | ||
| 082 | 0 | 4 |
_a751.422 _bS29 _222 |
| 100 | 1 |
_aScheinberger, Felix, _eautor. |
|
| 245 | 1 | 0 |
_aAcuarela para urban sketchers : _brecursos para dibujar, pintar y narrar historias en color / _cFelix Scheinberger ; [traducción, Elena Fresco]. |
| 264 | 1 |
_aBarcelona _bGustavo Gili _c2016. |
|
| 300 |
_a156 páginas : _bilustraciones ; _c24 centimetros |
||
| 336 |
_atext _2rdacontent |
||
| 337 |
_aunmediated _2rdamedia |
||
| 338 |
_avolume _2rdacarrier |
||
| 504 | _aÍndices: páginas 156. | ||
| 505 | 0 | _aIntroducción -- Primeros intentos -- Excursión a la teoría del color -- Estilo propio -- Elementos básicos / herramientas -- Callejeando -- Consejos y trucos. | |
| 526 | _aP158 | ||
| 526 | _aP146 | ||
| 526 | _aP17 | ||
| 526 | _aP12 | ||
| 526 | _aP06 | ||
| 534 |
_aTítulo original : _tWasserfarbe für gestalter. |
||
| 650 | 1 | 4 |
_aAcuarela _xTécnica. |
| 650 | 2 | 4 | _aColor. |
| 650 | 2 | 4 | _aDibujo. |
| 910 |
_ajck _bjvq _cjpc _d2017082 |
||
| 942 |
_2ddc _cBOOK |
||
| 949 |
_a751.422 S29 _wDEWEY _c1 _i76310 _lCATALOGING _mBUL _p41.00 _r0 _sY _tBOOK _u2017-08-2 _xINGENIERIA _PP06 _0COMPRA _o.STAFF. Colección Ingeniería y Arquitectura |
||
| 994 |
_aC0 _bPEPRU |
||
| 596 | _a1 | ||
| 999 |
_a751.422 S29 _wDEWEY _c24859 _i76310 _d24859 _e2017-11-7 _f2021-11-10 _g4 _lCCODEBUL1 _mBUL _n3 _p41.00 _q3 _r0 _sY _tBOOK _u2017-8-2 _xINGENIERIA _PP06 _0COMPRA _o.STAFF. Colección Ingeniería y Arquitectura |
||
| 980 |
_81 _gALBERTO SANCHEZ Responsable de Automatización |
||